Textos gnósticos : Biblioteca de Nag Hammadi / Antonio Piñero... [et. al] (Registro nro. 33798)
[ vista simple ]
| 000 -LÍDER | |
|---|---|
| Campo fijo de descripción fija | 011950000a22002290004500 |
| 001 - NÚMERO DE CONTROL | |
| Campo de control | 3091 |
| 020 ## - NÚMERO INTERNACIONAL NORMALIZADO PARA LIBROS | |
| Número Internacional Normalizado del libro | 84-8164-305-x |
| 041 0# - CÓDIGO DE IDIOMA | |
| Código de idioma para texto/pista de sonido o título separado | |
| 082 04 - NÚMERO DE CLASIFICACIÓN DECIMAL DEWEY | |
| Número de clasificación | G 273.1 P619t |
| 100 1# - ASIENTO PRINCIPAL--NOMBRE PERSONAL | |
| Nombre personal | Piñero, Antonio., (Editor) |
| 245 10 - TÍTULO | |
| Título del Material | Textos gnósticos : Biblioteca de Nag Hammadi / Antonio Piñero... [et. al] |
| 260 ## - PUBLICACIÓN, DISTRIBUCIÓN, ETC. (PIE DE IMPRENTA) | |
| Lugar de publicación, distribución, etc. | Sagasta, Madrid : Trotta |
| 300 ## - DESCRIPCIÓN FÍSICA | |
| Extensión | 3 volumenes Vol. III : 498 páginas |
| 336 ## - CONTENT TYPE | |
| Content type term | texto |
| Content type code | txt |
| Source | rdacontent |
| 337 ## - MEDIA TYPE | |
| Source | rdamedia |
| Media type term | sin mediación |
| Media type code | n |
| 338 ## - CARRIER TYPE | |
| Source | rdacarrier |
| Carrier type term | volumen |
| Carrier type code | nc |
| 501 ## - NOTA DE “CON” | |
| Nota de Contenido | Pasta dura |
| 505 00 - NOTA DE CONTENIDO | |
| Nota de contenido con formato preestablecido | Vol. I: Tratados filosóficos y cosmológicos \ Vol. II : evangelios, hechos, cartas. Vol. III : Apocalipsis y otros escritos: Apocalipsis de Adán -- Apocalipsis de Pedro -- Apocalipsis de Pablo -- Primer Apocalipsis de Santiago -- Segundo Apocalipsis de Santiago -- El pensamiento de nuestro Gran Poder -- Paráfrasis de Sem -- Segundo Tratado del Gran Set -- Melquisedec -- Tratado sobre la resurrección -- Testimonio de la verdad -- La interpretación del conocimiento -- Exposición valentiniana -- Las enseñanzas de Silvano -- Sentencias de Sexto |
| 650 14 - ASIENTO SECUNDARIO DE MATERIA - TERMINO TEMÁTICO | |
| Término temático o nombre geográfico como elemento de entrada | LITERATURA GNOSTICA |
| 942 ## - TIPO DE MATERIAL (KOHA) | |
| Tipo de Item KOHA | Libros General |
| Estado de Material | Estado de Perdido | Forma de Clasificación | Estado de Dañado | No para Préstamo | Colección | Tomo | Biblioteca de Origen | Biblioteca Permanente | Fecha de Adquisición | Total de Préstamos | Signatura Topográfica | Código de Barras | Última vez visto | Ejemplar/Existencia | Fecha de Remplazo | Tipo de Material |
|---|---|---|---|---|---|---|---|---|---|---|---|---|---|---|---|---|
| Dewey Decimal Classification | Colección General | Biblioteca FUSBC | Biblioteca FUSBC | 30/11/2004 | G 273.1 P619t | 11535 | 12/12/2019 | Vol.2 t.2, ej.1 | 26/01/2016 | Libros General | ||||||
| Dewey Decimal Classification | Colección General | Biblioteca FUSBC | Biblioteca FUSBC | 11/09/2014 | G 273.1 P619t | 26099 | 12/12/2019 | Vol.3 t.3, ej.1 | 26/01/2016 | Libros General | ||||||
| Dewey Decimal Classification | Colección General | Biblioteca FUSBC | Biblioteca FUSBC | 09/04/2015 | G 273.1 P619t | 25982 | 12/12/2019 | Vol.1 t.1, ej. 1 | 26/01/2016 | Libros General |
